مكتبة جامعة عجلون الوطنية

فهرس بحث المكتبة

Normal view MARC view
  • طرق التدريس - التفكير - علم النفس التربوي

Entry Topical Term

Number of records used in: 1

001 - CONTROL NUMBER

  • control field: 47255

003 - CONTROL NUMBER IDENTIFIER

  • control field: JO-AjAnu

005 - DATE AND TIME OF LATEST TRANSACTION

  • control field: 20230606081813.0

008 - FIXED-LENGTH DATA ELEMENTS

  • fixed length control field: 230606|| aca||aabn | a|a d

040 ## - CATALOGING SOURCE

  • Original cataloging agency: JO-AjAnu
  • Transcribing agency: JO-AjAnu

150 ## - HEADING--TOPICAL TERM

  • Topical term or geographic name entry element: طرق التدريس - التفكير - علم النفس التربوي

670 ## - SOURCE DATA FOUND

  • Source citation: Work cat.: (JO-AjAnu)24183: تاليف السامرائي، هاشم... وآخرون, author 47254, طرائق التدريس العامة وتنمية التفكير